| 000 | 00389nam a2200181Ia 4500 | ||
|---|---|---|---|
| 003 | 0STCL | ||
| 008 | 150530s9999 xx 000 0 und d | ||
| 040 |
_aSTCL _cSTCL |
||
| 100 | _aJustin Paul | ||
| 245 | _aInternational Business | ||
| 250 | _a5 | ||
| 260 |
_c2011 _aNew Delhi |
||
| 300 | _a703 | ||
| 546 | _aEnglish | ||
| 942 |
_2ddc _cBK |
||
| 999 |
_c11905 _d11905 |
||
| 005 | 20220125165615.0 | ||